<?xml version="1.0" encoding="UTF-8"?>
<marc:record xmlns:marc="http://www.loc.gov/MARC21/slim">
   <marc:leader>00000nam a2200000 a 4500</marc:leader>
   <marc:datafield ind1="1" ind2=" " tag="100">
      <marc:subfield code="a">Jackson, Holly</marc:subfield>
      <marc:subfield code="4">aut</marc:subfield>
      <marc:subfield code="e">Verfasser/-in</marc:subfield>
   </marc:datafield>
   <marc:datafield ind1="1" ind2=" " tag="100">
      <marc:subfield code="a">Schilasky, Sabine</marc:subfield>
   </marc:datafield>
   <marc:datafield ind1=" " ind2=" " tag="653">
      <marc:subfield code="a">Krimi für Jugendliche</marc:subfield>
   </marc:datafield>
   <marc:datafield ind1=" " ind2=" " tag="653">
      <marc:subfield code="a">Jugendkrimi</marc:subfield>
   </marc:datafield>
   <marc:datafield ind1=" " ind2=" " tag="653">
      <marc:subfield code="a">Mord</marc:subfield>
   </marc:datafield>
   <marc:datafield ind1=" " ind2=" " tag="653">
      <marc:subfield code="a">Spannung</marc:subfield>
   </marc:datafield>
   <marc:datafield ind1=" " ind2=" " tag="653">
      <marc:subfield code="a">Recherche</marc:subfield>
   </marc:datafield>
   <marc:datafield ind1=" " ind2=" " tag="653">
      <marc:subfield code="a">TikTok Books</marc:subfield>
   </marc:datafield>
   <marc:datafield ind1="0" ind2="0" tag="245">
      <marc:subfield code="a">A Good Girl’s Guide to Murder</marc:subfield>
   </marc:datafield>
   <marc:datafield ind1="0" ind2="0" tag="245">
      <marc:subfield code="b">Wunderschöne Schmuckausgabe der hoch spannenden Krimi-Reihe für Jugendliche - mit Farbschnitt! Das perfekte Geschenk für alle Holly-Jackson-Fans!</marc:subfield>
   </marc:datafield>
   <marc:datafield ind1="0" ind2="0" tag="245">
      <marc:subfield code="c">Jackson, Holly</marc:subfield>
   </marc:datafield>
   <marc:datafield ind1=" " ind2="1" tag="264">
      <marc:subfield code="a">Köln</marc:subfield>
      <marc:subfield code="b">ONE</marc:subfield>
      <marc:subfield code="c">2024</marc:subfield>
   </marc:datafield>
   <marc:datafield ind1="1" ind2=" " tag="490">
      <marc:subfield code="a">A Good Girl's Guide to Murder</marc:subfield>
      <marc:subfield code="v">1</marc:subfield>
   </marc:datafield>
   <marc:datafield ind1=" " ind2=" " tag="250">
      <marc:subfield code="a">1. Auflage 2024</marc:subfield>
   </marc:datafield>
   <marc:datafield ind1="1" ind2=" " tag="520">
      <marc:subfield code="a">Der erste Band der grandiosen Bestsellerreihe rund um Pippa Fitz-Amobi in der Collector's Edition&#xD;
&#xD;
Eigentlich ist der Fall abgeschlossen: Vor fünf Jahren wurde Andie Bell von ihrem Freund Sal Singh ermordet. Zumindest ist sich die Polizei sicher, dass es so war. Die ganze Stadt ist sich sicher. Alle - bis auf Pippa. Für ein Schulprojekt will die Schülerin den Fall nun noch einmal aufrollen. Mit Laptop, einer Diktiergerät-App und jeder Menge Mut macht Pippa sich auf und stellt Fragen. Doch schon bald wird ihr deutlich gemacht, dass längst nicht alle Bewohner von Little Kilton Licht ins Dunkel der Vergangenheit bringen möchten ...&#xD;
&#xD;
Packend und nervenaufreibend bis zur letzten Seite&#xD;
&#xD;
Alle Bände der Reihe:&#xD;
Band 1: A Good Girl's Guide to Murder&#xD;
Band 2: Good Girl, Bad Blood&#xD;
Band 3: As Good as Dead&#xD;
&#xD;
Übersetzt von Sabine Schilasky</marc:subfield>
   </marc:datafield>
   <marc:datafield ind1=" " ind2=" " tag="020">
      <marc:subfield code="a">9783846602454</marc:subfield>
      <marc:subfield code="9">9783846602454</marc:subfield>
   </marc:datafield>
   <marc:datafield ind1=" " ind2=" " tag="020">
      <marc:subfield code="a">3846602450</marc:subfield>
      <marc:subfield code="9">3846602450</marc:subfield>
   </marc:datafield>
   <marc:datafield ind1=" " ind2=" " tag="041">
      <marc:subfield code="a">ger</marc:subfield>
   </marc:datafield>
   <marc:datafield ind1="0" ind2=" " tag="490">
      <marc:subfield code="v">1</marc:subfield>
   </marc:datafield>
   <marc:datafield ind1=" " ind2=" " tag="338">
      <marc:subfield code="a">Band</marc:subfield>
   </marc:datafield>
   <marc:datafield ind1=" " ind2=" " tag="300">
      <marc:subfield code="a">480 Seiten</marc:subfield>
   </marc:datafield>
</marc:record>
